KOHA-Header-6

The Second Quantum Revolution : (Record no. 13326)

000 -LEADER
fixed length control field 04940cam a22004695i 4500
001 - CONTROL NUMBER
control field 21674419
003 - CONTROL NUMBER IDENTIFIER
control field MAJU-Karachi
005 - DATE AND TIME OF LATEST TRANSACTION
control field 20220629122331.0
006 - FIXED-LENGTH DATA ELEMENTS--ADDITIONAL MATERIAL CHARACTERISTICS--GENERAL INFORMATION
fixed length control field m |o d |
007 - PHYSICAL DESCRIPTION FIXED FIELD--GENERAL INFORMATION
fixed length control field cr |||||||||||
008 - FIXED-LENGTH DATA ELEMENTS--GENERAL INFORMATION
fixed length control field 190107s2018 gw |||| o |||| 0|eng
010 ## - LIBRARY OF CONGRESS CONTROL NUMBER
LC control number 2019742360
020 ## - INTERNATIONAL STANDARD BOOK NUMBER
International Standard Book Number 9783319988245
022 ## - INTERNATIONAL STANDARD SERIAL NUMBER
International Standard Serial Number 9783319988238
024 7# - OTHER STANDARD IDENTIFIER
Standard number or code 10.1007/978-3-319-98824-5
Source of number or code doi
028 ## - PUBLISHER NUMBER
Publisher number Springer
Source A R Books
035 ## - SYSTEM CONTROL NUMBER
System control number (DE-He213)978-3-319-98824-5
040 ## - CATALOGING SOURCE
Original cataloging agency DLC
Language of cataloging eng
Description conventions pn
-- rda
Transcribing agency DLC
050 ## - LIBRARY OF CONGRESS CALL NUMBER
Classification number 530.12
Item number 10406
072 #7 - SUBJECT CATEGORY CODE
Subject category code PDZ
Source bicssc
072 #7 - SUBJECT CATEGORY CODE
Subject category code PDZ
Source thema
072 #7 - SUBJECT CATEGORY CODE
Subject category code SCI055000
Source bisacsh
082 04 - DEWEY DECIMAL CLASSIFICATION NUMBER
Classification number 530
Edition number 23
Item number 10406
100 1# - MAIN ENTRY--PERSONAL NAME
Personal name Jaeger, Lars.
Relator term author.
245 14 - TITLE STATEMENT
Title The Second Quantum Revolution :
Remainder of title From Entanglement to Quantum Computing and Other Super-Technologies /
Statement of responsibility, etc by Lars Jaeger.
250 ## - EDITION STATEMENT
Edition statement 1st ed. 2018.
300 ## - PHYSICAL DESCRIPTION
Extent 1 online resource (XVIII, 339 pages 2 illustrations)
505 0# - FORMATTED CONTENTS NOTE
Formatted contents note Prologue: The white rabbit -- Part 1: Quantum 2.0 - The second technological revolution arising from the quantum world: Mighty power - How a theory of the microcosm changed our world.-There's plenty of room at the bottom - A new generation of quantum technologies -- Technology on the smallest scales - The possibilities of nanotechnology -- Incredibly fast - From digital to the quantum computer -- Part 2: Quantum Worlds - The bizarre in the very small: Contradictory atoms - Philosophical problems with the smallest building blocks of nature -- Natura facit saltus - On quantum jumps and particles being made out of nothing -- Tertium datur - Wave and particles at the same time -- As well as neither/-nor - Superposition: how things can be here and there at the same time -- Loss of identity - The New Reality Concept of Quantum Physics and its Consequences -- Part 3: From Quantum Field Theories to a "Theory of Everything" - All matter dissolves: Negative energies and the electron spin - Combining the theory of relativity to produce a new quantum theory -- Quantum field theories - All matter dissolves -- Infinity minus infinity gives something finite - How physicists learnt to deal with infinitely large values in the infinitely small -- More and more particles - From the particle zoo to the standard model of elementary particle physics -- Einstein does not fit - The fundamental problem in physics today -- Part 4: Cutting across philosophical, aesthetic, and spiritual, frames of thought: The Path towards Substancelessness - Breaking with 2,600 years of philosophical thought -- A New Understanding of Truth - How quantum physics made absolute reality disappear, and with it absolute truth -- The eternal interplay - Surprising overlaps between quantum physics and Buddhism -- Symmetries - Beauty in the House of Physics -- Quantum Consciousness and the Tao of Physics - On quantum holism, quantum healing, and other quantum nonsense -- Quantum physics and faith- Explaining the inexplicable -- Part 5: Entanglement - getting to the crux of the matter: The destinies of cats - The quantum physical measurement problem -- Wigner's Friend - Quantum physics and consciousness -- EPR and Hidden Variables - The debate about spooky action at a distance -- The experimental resolution of the Bohr- Einstein debate - How entangled particles made their way from theory into practice -- The Age of Entanglement - From spooks to a new quantum revolution -- Schrödinger's cat is alive - The path back to classical physics -- Part 6: The future - Where are we going?: Quantum Revolution 2.0 - When nanobots and quantum computers become part of our everyday lives.
520 ## - SUMMARY, ETC.
Summary, etc This book tells the story of the second quantum revolution which will shape the 21st century as much as the first quantum revolution shaped the 20th century. It provides unique orientation in today's discussion and the latest progress on the interpretation of quantum physics and its further technological potential. As you read this book the first prototypes of this revolution are being built in laboratories worldwide. Super-technologies such as nanotechnology, quantum computers, quantum information processing, and others will soon shape our daily lives, even if physicists themselves continue to disagree on how to interpret the central theory of modern physics. The book will thus also touch on the profound philosophical questions at the heart of quantum mechanics.
650 #0 - SUBJECT ADDED ENTRY--TOPICAL TERM
Topical term or geographic name as entry element Physics.
650 #0 - SUBJECT ADDED ENTRY--TOPICAL TERM
Topical term or geographic name as entry element Quantum computers.
650 #0 - SUBJECT ADDED ENTRY--TOPICAL TERM
Topical term or geographic name as entry element Quantum physics.
650 #0 - SUBJECT ADDED ENTRY--TOPICAL TERM
Topical term or geographic name as entry element Spintronics.
650 14 - SUBJECT ADDED ENTRY--TOPICAL TERM
Topical term or geographic name as entry element Popular Science in Physics.
650 24 - SUBJECT ADDED ENTRY--TOPICAL TERM
Topical term or geographic name as entry element Quantum Information Technology, Spintronics.
650 24 - SUBJECT ADDED ENTRY--TOPICAL TERM
Topical term or geographic name as entry element Quantum Physics.
776 08 - ADDITIONAL PHYSICAL FORM ENTRY
Display text Print version:
Title The second quantum revolution.
International Standard Book Number 9783319988238
Record control number (DLC) 2018952603
776 08 - ADDITIONAL PHYSICAL FORM ENTRY
Display text Printed edition:
International Standard Book Number 9783319988238
776 08 - ADDITIONAL PHYSICAL FORM ENTRY
Display text Printed edition:
International Standard Book Number 9783319988252
906 ## - LOCAL DATA ELEMENT F, LDF (RLIN)
a 0
b ibc
c origres
d u
e ncip
f 20
g y-gencatlg
942 ## - ADDED ENTRY ELEMENTS (KOHA)
Source of classification or shelving scheme
Koha item type Books
Holdings
Withdrawn status Lost status Source of classification or shelving scheme Damaged status Not for loan Permanent Location Current Location Shelving location Date acquired Full call number Barcode Date last seen Price effective from Koha item type
          MAJU MAJU Shelf No.B31 2022-06-29 530 10406 2022-06-29 2022-06-29 Calculus

Powered by Koha